000 00402nam a2200133Ia 4500
008 220217s9999||||xx |||||||||||||| ||und||
020 _a81-7808-130-X
082 _a005.131 GOL
100 _aGoldberg, David, E
_93056
245 0 _aGenetic algorithams in search, optimization, and machine lea
260 _aPearson education asia
_bDelhi
_c2001
300 _b260
650 _aPROGRAMMING LANGUAGE
999 _c170765
_d170765